Finnair fleet in the 21st century - Statistics

General Stats
  • This quiz has been taken 46 times
  • The average score is 10 of 14
Answer Stats
Years of use Plane % Correct
2001- Airbus A320
97%
2015- Airbus A350-900
92%
1999- Airbus A319
89%
1999- Airbus A321
89%
2009- Airbus A330-300
89%
2006-2018 Airbus A340-300
86%
1989-2005 ATR 72-200
70%
2011- ATR 72-500
70%
2006- Embraer E190
62%
1990-2011 McDonnel Douglas MD-11
62%
2005-2016 Embraer E170
49%
1971-2003 McDonnel Douglas DC-9
46%
1997-2014 Boeing 757-200
41%
1983-2006 McDonnel Douglas MD-80
35%
No matching quizzes found
Score Distribution
Percent of People with Each Score
Percentile by Number Answered
Your Score History
You have not taken this quiz